LEADER 01551nam2-2200457---450- 001 990000490990203316 005 20051020164900.0 010 $a0-674-99384-5 035 $a0049099 035 $aUSA010049099 035 $a(ALEPH)000049099USA01 035 $a0049099 100 $a20010604h19421997km-y0itay0103----ba 101 $alat 102 $aUS 105 $a||||||||001yy 200 1 $aDe oratore books 3, De facto, Paradoxa stoicorum, De partitione oratoria$fwith an english translation by H. Rachhan 210 $aCambridge$cHarvard university$d1942$h1997 210 $aLondon$cW. Heinemann$d1942$h1997 215 $aX, 437 p.$d17 cm 225 $aLoeb classical library$v349 410 $12001$aLoeb classical library$v349 461 1$10010004577$12001$aCicero$v4 676 $a875.018 700 1$aCICERO,$bMarcus Tullius$082411 702 1$aRACKHAM,$bH. 801 0$aIT$bsalbc$gISBD 912 $a990000490990203316 951 $aV.3. Coll.9/ 15/4(VIII A 972 CIC /4)$b149229 LM$cVIII A 972 CIC 959 $aBK 969 $aUMA 979 $aPATTY$b90$c20010604$lUSA01$h1058 979 $aPATTY$b90$c20010604$lUSA01$h1102 979 $aPATTY$b90$c20010604$lUSA01$h1156 979 $aPATTY$b90$c20010604$lUSA01$h1306 979 $c20020403$lUSA01$h1657 979 $aANGELA$b90$c20020829$lUSA01$h1339 979 $aPATRY$b90$c20040406$lUSA01$h1634 979 $aCOPAT6$b90$c20051020$lUSA01$h1649 996 $aDe oratore books 3, De facto, Paradoxa stoicorum, De partitione oratoria$9888032 997 $aUNISA LEADER 01795nam0 2200397 i 450 001 VAN0114844 005 20220307043614.69 017 70$2N$a978-3-319-24633-8 100 $a20180213d2016 |0itac50 ba 101 $aeng 102 $aCH 105 $a|||| ||||| 200 1 $aHigh performance computing in science and engineering '15$etransactions of the high performance computing center, Stuttgart (HLRS) 2015$fWolfgang E. Nagel, Dietmar H. Kröner, Michael M. Resch editors 210 $a[Cham]$cSpringer$d2016 215 $aIX, 701 p.$cill.$d24 cm 500 1$3VAN0242426$aHigh performance computing in science and engineering '15$91523383 606 $a65Cxx$xProbabilistic methods, stochastic differential equations [MSC 2020]$3VANC028329$2MF 610 $aComputational science and engineering$9KW:K 610 $aHigh Performance Computing$9KW:K 610 $aModelling$9KW:K 610 $aSimulation$9KW:K 610 $aVector supercomputers$9KW:K 620 $aCH$dCham$3VANL001889 702 1$aKroner$bDietmar H.$3VANV087390 702 1$aNagel$bWolfgang E.$3VANV087389 702 1$aResch$bMichael M.$3VANV087391 712 $aSpringer $3VANV108073$4650 790 1$aResch, M. M.$zResch, Michael M.$3VANV106296 801 $aIT$bSOL$c20240614$gRICA 856 4 $uhttp://dx.doi.org/10.1007/978-3-319-24633-8$zE-book ? Accesso al full-text attraverso riconoscimento IP di Ateneo, proxy e/o Shibboleth 899 $aBIBLIOTECA CENTRO DI SERVIZIO SBA$2VAN15 912 $fN 912 $aVAN0114844 950 $aBIBLIOTECA CENTRO DI SERVIZIO SBA$d15CONS SBA EBOOK 2296 $e15EB 2296 20180213 996 $aHigh performance computing in science and engineering '15$91523383 997 $aUNICAMPANIA LEADER 01602nam0 22003253i 450 001 VAN0239221 005 20231123032357.492 017 70$2N$a9789811507656 100 $a20220204d2020 |0itac50 ba 101 $aeng 102 $aSG 105 $a|||| ||||| 200 1 $aActive Faults and Nuclear Regulation$eBackground to Requirement Enforcement in Japan$fYasuhiro Suzuki 210 $aSingapore$cSpringer$d2020 215 $aXI, 76 p.$cill.$d24 cm 620 $aSG$dSingapore$3VANL000061 676 $a550$cScienze della terra e geologia - Geofisica$v22 676 $a333.792$cEnergia nucleare$v22 676 $a551.8$cGeologia strutturale. Deformazione, diastrofismo, epirogenesi, tettonica$v22 700 1$aSuzuki$bYasuhiro$3VANV083716$0802105 712 $aSpringer $3VANV108073$4650 801 $aIT$bSOL$c20240614$gRICA 856 4 $u/sebina/repository/catalogazione/documenti/Active Faults and Nuclear Regulation.pdf$zActive Faults and Nuclear Regulation.pdf 856 4 $uhttps://link.springer.com/book/10.1007/978-981-15-0765-6$zE-book - Accesso al full-text attraverso riconoscimento IP di Ateneo, proxy e/o Shibboleth 899 $aBIBLIOTECA DEL DIPARTIMENTO DI SCIENZE E TECNOLOGIE AMBIENTALI BIOLOGICHE E FARMACEUTICHE$1IT-CE0101$2VAN17 912 $fN 912 $aVAN0239221 950 $aBIBLIOTECA DEL DIPARTIMENTO DI SCIENZE E TECNOLOGIE AMBIENTALI BIOLOGICHE E FARMACEUTICHE$d17CONS e-book 2223 $e17BIB2223/342 342 20220204 996 $aActive Faults and Nuclear Regulation$92022318 997 $aUNICAMPANIA